Environmentálne problémy sídelných útvarov /

Na minha lista:
Detalhes bibliográficos
Main Authors: Ďurčanská, Daniela, 1958- (Author), Decký, Martin (Author), Jandačka, Dušan (Author), Remišová, Eva (Author)
Outros Autores: Salaiová, Brigita (Reviewer), Badík, Miroslav (Reviewer)
Formato: Livro
Idioma:eslovaco
Publicado em: Žilina: EDIS - vydavateľské centrum ŽU, 2019
Edição:1. vyd.
Colecção:Vysokoškolské učebnice
Assuntos:
Tags: Adicionar Tag
Sem tags, seja o primeiro a adicionar uma tag!

MARC

LEADER 00000nam a22000003a 4500
001 0078792
003 SK-STU
005 20191219084701.0
007 ta
008 191219s ----xo-----e------000-0-----d
020 |a 978-80-554-1590-1 
040 |a STU  |b slo 
041 0 |a slo  |h slo 
044 |a xo 
100 1 |a Ďurčanská, Daniela,  |d 1958-  |4 aut  |X 920  |7 A000000920 
245 1 0 |a Environmentálne problémy sídelných útvarov /  |c aut. Daniela Ďurčanská, Martin Decký, Dušan Jandačka, Eva Remišová ; rec. Brigita Salaiová, Miroslav Badík 
250 |a 1. vyd. 
260 |a Žilina:  |b EDIS - vydavateľské centrum ŽU,  |c 2019 
300 |a 257 s. 
490 0 |a Vysokoškolské učebnice 
650 0 7 |a sídelné útvary 
650 0 7 |a životné prostredie 
650 0 7 |a hluk 
650 0 7 |a znečistenie ovzdušia 
650 0 7 |a zdravotné riziká 
700 1 |a Decký, Martin  |4 aut 
700 1 |a Jandačka, Dušan  |4 aut 
700 1 |a Remišová, Eva  |4 aut 
700 1 |a Salaiová, Brigita  |4 rev 
700 1 |a Badík, Miroslav  |r Z5  |4 rev 
996 |c V* 53002/O-24162  |l VV2  |s P  |a 0  |w 0078792_0001 
996 |c V* 53003/O-24163  |l VV2  |s P  |a 0  |w 0078792_0002